| 000 | 00730nam a2200241Ia 4500 | ||
|---|---|---|---|
| 008 | 191130s2006##################000#0#eng## | ||
| 020 | _a9781591408604 | ||
| 022 | _a2006009287 | ||
| 040 |
_aACL _cACL |
||
| 082 | _a006.7 GHI | ||
| 245 |
_aDigital multimedia perception and design _cGheorghita Ghinea, Sherry Y. Chen, [editors] |
||
| 260 |
_aHershey, PA _bIdea Group Pub _cc2006 |
||
| 300 | _axiv, 318 p. : ill. ; 26 cm | ||
| 500 | _aIncludes bibliographical references and index | ||
| 650 | _aMultimedia systems | ||
| 650 | _aPerception | ||
| 650 | _aSystem design | ||
| 700 | _aChen, Sherry Y | ||
| 700 | _aGhinea, Gheorghita | ||
| 990 | _adb0da6fcac10000c1b5a6b2fa9aaf79f | ||
| 991 | _a119236 | ||
| 999 |
_c150273 _d150273 |
||